000 00783nam a2200253Ia 4500
003 OSt
005 20220918171355.0
006 a|||||r|||| 00| 0
007 ta
008 220917b |||||||| |||| 00| 0 eng d
020 _a9781580463300 (hbk)
_c4788.85
024 _a270,835
037 _b1481, 03/06/2013, Govinda Book House
_cTextual
040 _aARTS
_cARTS
_beng
041 _2eng
_aeng
082 _a4,1:(Y:438).6, Q0
100 _aFalola Toyin Ed.
245 0 _aNarrating war and peace in Africa
260 _aNew York
_bUniversity of Rochester Press USA
_c2010
300 _aix,328p.
_ccm.
650 _aJOUNRALISM
_93876
942 _h4,1:(Y:438).6, Q0
_cTEXL
_2CC
999 _c139259
_d139259